Laporan ekonomi 2000/ 2001.
| Corporate Author: | |
|---|---|
| Format: | Book |
| Published: |
Kuala Lumpur:
Kementerian Kewangan Malaysia,
2000.
|
| Subjects: |
| LEADER | 00476cam a2200157 7i4500 | ||
|---|---|---|---|
| 001 | 0000008611 | ||
| 005 | 20010104090000.0 | ||
| 022 | 0 | 0 | |a 13944355 |
| 090 | 0 | 0 | |a M 330.9 |b KEM |
| 110 | 1 | 0 | |a Kementerian Kewangan Malaysia |
| 245 | 1 | 0 | |a Laporan ekonomi 2000/ 2001. |
| 260 | 0 | 0 | |a Kuala Lumpur: |b Kementerian Kewangan Malaysia, |c 2000. |
| 300 | # | # | |a 223 p. |
| 650 | 0 | 0 | |a Malaysia -- |x Economic conditions |
| 651 | 0 | 0 | |a Malaysia |
| 999 | |a B000012055 |b Annual Reports |c Malaysia |e Business Information Centre | ||